| 000 | 00396nam a2200145Ia 4500 | ||
|---|---|---|---|
| 003 | GCL | ||
| 008 | 140319s9999 xx 000 0 ara d | ||
| 040 |
_aGCL / _cGCL |
||
| 082 | 0 | 4 |
_a210.92 _bا ا |
| 100 | 1 | _aالحافظ ابى القاسم على | |
| 245 | 1 | 0 |
_aالزهرى / _cالحافظ ابى القاسم على |
| 490 | _a | ||
| 650 | 0 | 4 | _aالاسلام - تراجم |
| 942 |
_2ddc _cBK |
||
| 999 |
_c39167 _d39167 |
||